Pensemos sobre Maastricht / (Record no. 11965)

MARC details
000 -LEADER
campo de control de longitud fija 00794nam a22002535i 4500
001 - NÚMERO DE CONTROL
campo de control 11965
003 - IDENTIFICADOR DE NÚMERO DE CONTROL
campo de control ES-MaACL
005 - FECHA Y HORA DE LA ÚLTIMA TRANSACCIÓN
campo de control 20230906150218.0
007 - CAMPO FIJO DE DESCRIPCIÓN FÍSICA--INFORMACIÓN GENERAL
campo de control de longitud fija t|
008 - DATOS DE LONGITUD FIJA--INFORMACIÓN GENERAL
campo de control de longitud fija 930317s1993 sp ||||0| spa j
020 ## - NÚMERO INTERNACIONAL ESTÁNDAR DEL LIBRO
Número Internacional Estándar del Libro 84-88341-14-8
040 ## - FUENTE DE CATALOGACIÓN
Centro catalogador/agencia de origen M-BN
Lengua de catalogación spa
Centro/agencia transcriptor M-BN
080 ## - NÚMERO DE LA CLASIFICACIÓN DECIMAL UNIVERSAL
Número de la Clasificación Decimal Universal 341.176(4-672 CE)
100 1# - ENTRADA PRINCIPAL--NOMBRE DE PERSONA
Nombre de persona Sebastián, Luis de.
9 (RLIN) 105006
245 10 - MENCIÓN DEL TÍTULO
Título Pensemos sobre Maastricht /
Mención de responsabilidad, etc. Luis de Sebastián, Eduardo Rojo.
260 ## - PUBLICACIÓN, DISTRIBUCIÓN, ETC.
Lugar de publicación, distribución, etc. Barcelona :
Nombre del editor, distribuidor, etc. Cristianisme i Justícia,
Fecha de publicación, distribución, etc. D.L. 1993.
300 ## - DESCRIPCIÓN FÍSICA
Extensión 31 p ;
Dimensiones 21 cm.
490 1# - MENCIÓN DE SERIE
Mención de serie Cristianisme i justícia ;
Designación de volumen o secuencia 52
630 07 - PUNTO DE ACCESO ADICIONAL DE MATERIA--TÍTULO UNIFORME
Título uniforme Tratado de la Unión Europea (
Fecha de la firma de un tratado 1992)
9 (RLIN) 125222
700 1# - ENTRADA AGREGADA--NOMBRE PERSONAL
Nombre de persona Rojo, Eduardo.
9 (RLIN) 99090
830 0# - PUNTO DE ACCESO ADICIONAL DE SERIE-TÍTULO UNIFORME
Título uniforme Cristianisme i justícia ;
Designación de volumen o secuencia 52
9 (RLIN) 179406
852 ## - LOCALIZACIÓN
Ubicación ES-MaACL
Número de control de estantería 2150-F-9
Sublocalización o colección R.121331
Holdings
Estatus retirado Estado de pérdida Estado de daño No para préstamo Colección Biblioteca de origen Biblioteca actual Ubicación en estantería Fecha de adquisición Fuente de adquisición Total de préstamos Signatura topográfica completa Código de barras Visto por última vez Precio de reemplazo Tipo de ítem Koha
        Colección de folletos Biblioteca del Ateneo de Madrid Biblioteca del Ateneo de Madrid Depósito folletos 17/01/2008     2150-F-9 1012192 23/02/2023 23/02/2023 Folleto